• 首页
  • 本馆介绍
  • 公告通知
  • 最新文献
  • 馆藏检索
  • 电子资源
  • 读者导购
  • 参考咨询
  • 我的图书馆
  • 登录
  • 详细信息显示
  • 放入我的书架
  • 预约/预借图书
  • 作者相关作品
  • 分类相关作品
  • 丛书相关作品
  • 出版社相关作品

书目信息

  • 表格格式
  • 工作单格式
  • 卡片格式
题名:
天下名水
    
 
作者: ;北京未来新世纪教育科学研究所 编
分册:  
出版信息: 呼和浩特   远方出版社  2005
页数: 156页
开本: 21cm
丛书名: 中国少年素质教育系列
单 册:
中图分类: K918.4
科图分类:
主题词: 河流--简介--世界 , 湖泊--简介--世界 , 河流 , 湖泊
电子资源:
ISBN: 7-80595-653-7
000 01046oam2 2200301 45
001 0120062000243
005 20070705154344.01
010    @a7-80595-653-7@dCNY396.00(全30册)
092    @aCN@b501505
100    @a20060809d2005 em y0chiy0120 ea
101 0  @achi
102    @aCN@b150000
105    @aa z 000yy
200 1  @a天下名水@Atian xia ming shui@f北京未来新世纪教育科学研究所编@Fbei jing wei lai xin shi ji jiao yu ke xue yan jiu suo bian
205    @a修订版
210    @a呼和浩特@c远方出版社@d2005
215    @a156页@c图@d21cm
225 2  @a中国少年素质教育系列
330    @a本书分中国部分、外国部分介绍了著名的江河、湖泊,其中包括长江、黄河、雅鲁藏布江、湄公河、伏尔加河、亚马逊河等。
461  0 @12001 @a中国少年素质教育系列
606 0  @a河流@x简介@y世界
606 0  @a湖泊@x简介@y世界
606 0  @a河流
606 0  @a湖泊
690    @aK918.4@v4
711 02 @a北京未来新世纪教育科学研究所@Abei jing wei lai xin shi ji jiao yu ke xue yan jiu suo@4编
801  0 @aCN@bLZJBOOK@c20070705
905    @a10447@dK918.4@e163=2
    
    天下名水/北京未来新世纪教育科学研究所编.-修订版.-呼和浩特:远方出版社,2005
    156页:图;21cm.-(中国少年素质教育系列)
    
    
    ISBN 7-80595-653-7:CNY396.00(全30册)
    本书分中国部分、外国部分介绍了著名的江河、湖泊,其中包括长江、黄河、雅鲁藏布江、湄公河、伏尔加河、亚马逊河等。
●
相关链接 在E读中查询图书 在五车中查询图书 在当当中查询图书 在豆瓣中查询图书


正题名:天下名水     索取号:K918.4/163=2         预约/预借

序号 登录号 条形码 馆藏地/架位号 状态 备注
1 0561664   205616644   第二样本阅览室/ [索取号:K918.4/163=2] 在馆    
2 0561665   205616653   第二借阅区/ [索取号:K918.4/163=2] 在馆    
3 0561666   205616662   第二借阅区/ [索取号:K918.4/163=2] 在馆    
4 0561667   205616671   密集书库/ [索取号:K918.4/163=2] 在馆    
5 0561668   205616680   密集书库/ [索取号:K918.4/163=2] 在馆    
6 0561669   205616699   密集书库/ [索取号:K918.4/163=2] 在馆    
7 0561670   205616706   第二借阅区/ [索取号:K918.4/163=2] 在馆    
8 0561671   205616715   第二借阅区/ [索取号:K918.4/163=2] 在馆    
唐山师范学院图书馆 欢迎您!
大连网信软件有限公司© 版权所有